Регионална библиотека "Любен Каравелов" - Русе

Български хроники (Запис номер 40974)

MARC детайли
000 -Лидер
Контролно поле с фиксирана дължина 02258nam a2200433 c 4500
003 - Код на организацията, давaща контролен номер
Контролно поле BLK
005 - Дата и час на последна редакция
Контролно поле 20230404030332.0
008 - Елементи от данни с фиксирана дължина
fixed length control field 180408b bul|||||r ||||||| ||bul||
010 ## - Наследен системен номер
LC control number KNG00044483000
020 ## - Международен стандартен номер на книга ISBN
Международен стандартен номер на книга ISBN 978-954-398-061-1
-- издат.: Труд - на том(т. 3)(Труд)(мека подв.)
020 ## - Международен стандартен номер на книга ISBN
Международен стандартен номер на книга ISBN 978-954-398-062-8
-- издат.: Труд - на том(т. 3)(Труд)(твърда подв.)
020 ## - Международен стандартен номер на книга ISBN
Международен стандартен номер на книга ISBN 978-954-491-660-2
-- издат.: Жанет 45 - на том(т. 3)(Жанет 45)(мека подв.)
020 ## - Международен стандартен номер на книга ISBN
Международен стандартен номер на книга ISBN 978-954-491-661-9
-- издат.: Жанет 45 - на том(т. 3)(Жанет 45)(твърда подв.)
040 ## - Източник на каталожния запис
Идентификатор на билиотеката - собственик на записа BLK
041 ## - Код за език
Код за езика на текст/звукозапис или на отделно заглавие Български
Код за езика КДБФ Български
072 #7 - Код за тематичната категория
Код организация bullib
Код за тематична категория Н84
Текст Българска художествена литература Н
080 ## - УДК
Текстов определител УДК Българска литература
УДК код - определител по УДК 821.163.2
УДК определител -94
УДК - код + определител 821.163.2-94
080 ## - УДК
Текстов определител УДК
УДК код - определител по УДК 949.72.04/.05
УДК определител (0:82-94)
УДК - код + определител 949.72.04/.05(0:82-94)
100 1# - Редна дума - Автор
Автор Цанев, Стефан Неделчев
Дати, свързани с автора 1936-
Автор - информация (биография) Писател, поет, драматург.
R(LIN) 364639
139 ## - Редно поле
Редна дума Цанев, Стефан Неделчев
Авторски знак Цан - Ц 16
245 10 - Сведения за заглавието
Заглавие Български хроники
Подзаглавни данни Поема : Т. 1 -
Редно поле (дума) Стефан Неделчев Цанев.
Том Т. 3
Заглавие на том 1878 - 1943
250 ## - Област на изданието
Сведения за изданието 2. доп. и попр. изд.
257 ## - Страна на издаване
Страна на създаване/издаване България
260 ## - Област на издателските данни
-- София
Година на издаване 2007 -
300 ## - Физическа характеристика
Размери/Мащаб 21 см
380 ## - Жанр
Жанр Худож. лит.
500 ## - Общи забележки
Забележка Офс. изд.
650 #4 - Допълнително описание по предмет – тема
Основно описание – тема или топоним България - история, нова - художествена литература
9 (RLIN) 244902
651 #4 - Допълнително описание по предмет - топоним
Географско понятие България
9 (RLIN) 241624
653 ## - Ключова дума – ненормативна
Ключова дума българска история
653 ## - Ключова дума – ненормативна
Ключова дума нова история
659 ## - Тематичен бюлетин
Тематичен бюлетин Н
760 1# - Описание на основната серия
-- - на том(т. 3)(Труд)(мека подв.), - на том(т. 3)(Жанет 45)(мека подв.)
Редна дума на основното описание Цанев, Стефан Неделчев
Издание 2. доп. и попр. изд.
Място на издаване, издател и година Труд, Жанет 45, 2010
Страници - том 559 с.
Забележка - том Кор. загл. Български хроники : История на нашия народ от 1878 до 1943 г. - Т. 3 вкл. кн. 4. - 1. изд. 2008.
Заглавие Т. 3 1878 - 1943
852 ## - Местоположение
Форматна сигнатура Цб 241580
856 4# - Електронен адрес и достъп
Електронен формат pdf - файл
Път до файла /url/
856 4# - Електронен адрес и достъп
Електронен формат pdf - файл
Път до файла /url/
942 ## - АРТИКУЛИ
Вид на библиотечния материал Книги
Скрит в OPAC Не
Koha issues (borrowed), all copies 16
944 ## - СЪЗДАВАНЕ И РЕДАКЦИЯ на ЗАПИСА
Създаване/Редакция Създаване
Дата на регистрацията/редакция 09.12.2011
Статус, дата на статуса ф /
Служител, извършил регистрацията/редакцията Виолета_Тройчева
944 ## - СЪЗДАВАНЕ И РЕДАКЦИЯ на ЗАПИСА
Създаване/Редакция Редакция
Дата на регистрацията/редакция 25.03.2014
Статус, дата на статуса ф /
Служител, извършил регистрацията/редакцията
999 ## - СИСТЕМНИ КОНТРОЛНИ НОМЕРА
Koha biblionumber 40974
Koha biblioitemnumber 40974
Наличности
Код за отписване Код за изгубен артикул Източник на класификационната схема Код за повреда Коз за рестрикции Код за отдаване Артикулен № Име на библиотеката - собственик Име на библиотеката, в която се намира в момента Статус (Текущо местоположение) Дата на вписване в системата Местоположение - отдел Цена в лева Инвентарен номер Систематично азбучна сигнатура Баркод Номер на екземпляра Цена в евро Служебна бележка Служебен тип на артикула
Изтеглен Не е изгубен Universal Decimal Classification Не е повреден без рестрикции заемане за дома 64121 Регионална библиотека "Любен Каравелов" Русе Регионална библиотека "Любен Каравелов" Русе Заемна - подръчен фонд 2011-12-08 Заемна - подръчен фонд 14.99 120000754913 П 886.7-9/Ц 16 120000754913 1 7.66 Дост: Pk Вид: Ф N: 249 Дата: 05.12.2011 Дата инв: 09.02.2018 Бележки инв: П2018 Книги
Изтеглен Не е изгубен Universal Decimal Classification Не е повреден без рестрикции заемане за дома 64122 Регионална библиотека "Любен Каравелов" Русе Регионална библиотека "Любен Каравелов" Русе Заемна - подръчен фонд 2011-12-08 Заемна - подръчен фонд 14.99 120000754914 П 886.7-9/Ц 16 120000754914 2 7.66 Дост: Pk Вид: Ф N: 249 Дата: 05.12.2011 Дата инв: 09.02.2018 Бележки инв: П2018 Книги
  Не е изгубен   Не е повреден без рестрикции ползва се в читалня 64123 Регионална библиотека "Любен Каравелов" Русе Регионална библиотека "Любен Каравелов" Русе Хранилище 2013-07-06 Хранилище 14.99 120000767766 Цб 241580 120000767766 3 7.66 Дост: Dp Вид: Д N: 11 Дата: 12.03.2012 Книги
Vip Innovations Ltd, Rousse, Bulgaria 2025